000 02668cam a22005054i 4500
003 PE-LiUPU
005 20250731172756.0
008 150617s1979 sp rb 000 0 spa d
020 _a8472280349
035 _a(Sirsi) i9788472280342
040 _aPE-LiUPU
_bspa
_cPE-LiUPU
_erda
049 _aPRUA
082 0 4 _a236.22
_bV65
_221
100 1 _aVila, Samuel,
_eautor.
245 1 3 _aLa nada o las estrellas :
_buna respuesta cristiana a la filosofía existencialista y dialéctico-marxista /
_cSamuel Vila.
264 1 _a[Barcelona] :
_bClíe,
_c[1979]
300 _a358 páginas ;
_c19 centímetros
336 _atext
_2rdacontent
337 _aunmediated
_2rdamedia
338 _avolume
_2rdacarrier
504 _aIncluye bibliografía.
505 0 _aLa filosofía greco-romana -- La filosofía cristiana antigua -- La filosofía cristiana medieval -- La filosofía panteísta en oriente y occidente -- La filosofía del renacimiento -- La filosofía contemporánea -- La filosofía existencialista -- La crisis del mecanicismo -- La mente Universal y la Individual -- El materialismo dialéctico -- Hambre de inmortalidad -- Premisas de inmortalidad -- Buscando pruebas objetivas -- Verdad y fe -- La Biblia como revelación de Dios -- Jesucristo -- La resurrección de Cristo garantía de inmortalidad -- Las declaraciones de Cristo sobre el más allá -- El problema moral del pecado y la condenación -- El mundo de las estrellas -- El universo físico plataforma del espiritual -- La Jerusalén celestial -- Un ministerio cristiano en las estrellas.
526 _aSEG42
526 _aSEG41
526 _aSEG40
526 _aSEG39
526 _aP94
526 _aP87
526 _aP86
526 _aP85
526 _aP77
526 _aP76
526 _aP35
650 0 4 _aCristianismo
_xApología.
910 _ajck
_bjvq
_cjck
_d20150616
942 _2ddc
_cBOOK
949 _a236.22 V65
_wDEWEY
_c1
_i24596
_lCCODEBUL1
_mBUL
_r0
_sY
_tBOOK
_u2015-6-17
_xTEOLOGIA
_PP35
_0COMPRA
_o.STAFF. Colección general
949 _a236.22 V65
_wDEWEY
_c2
_i20647
_lCCODEBUL1
_mBUL
_r0
_sY
_tBOOK
_u2015-6-17
_xTEOLOGIA
_PP35
_0COMPRA
_o.STAFF. Colección general
994 _aC0
_bPEPRU
596 _a1
999 _a236.22 V65
_wDEWEY
_c3089
_i24596
_d3089
_e2017-6-23
_f2021-11-11
_g5
_lCCODEBUL1
_mBUL
_n1
_p29.99
_r0
_sY
_tBOOK
_u2015-6-17
_xTEOLOGIA
_PP35
_0COMPRA
_o.STAFF. Colección Teología
999 _a236.22 V65
_wDEWEY
_c2
_i20647
_f2021-11-11
_g5
_lCCODEBUL1
_mBUL
_r0
_sY
_tBOOK
_u2015-6-17
_xTEOLOGIA
_PP35
_0COMPRA
_o.STAFF. Colección general
980 _81
_gALBERTO SANCHEZ Responsable de Automatización